000 003070000a22001330004500
003 MACL
040 _aMACL
090 _c37615
_d37613
100 _aDikshitar, V R Ramachandra
245 _aOrigin and Spread of The Tamils
260 _bThe Adyar Library
_c1947
650 _aHistory
942 _cBOOK
_k954/DIK
999 _c37212
_d37212